000 00465nam a2200169 4500
001 108482
003 ES-MaACL
005 20231214201620.0
007 t|
008 061121s1943 sp r ||||1| spa d
100 1 _aMontes, Eugenio,
_d1897-1982
_9227206
245 1 0 _aMelodía italiana /
_cEugenio Montes.
260 _aMadrid :
_bCigüeña,
_c1943.
300 _a260 p. ;
_c21 cm.
852 _aES-MaACL
_jF-11641
_bR.20471
999 _c108482
_d108482